000 01014nam a22002537a 4500
003 BPGM
005 20260624224323.0
008 260624b2001 mx ||||| |||| 00| 0 spa d
020 _a970-18-4336-3
040 _aBPGM
_bspa
041 _aspa
_hspa
082 0 4 _aCQ / 808.1042 /
_bD53 /
100 _aDE MRINA A, GONZALO DIEZ
245 _aQUERETARO METAFISICA DEL BARROCO
260 _aQUERETARO;
_bUNIDOS POR QUERETARO,
_c2001.
300 _a187 paginas;
_c33.5 cm x 21.4 cm
336 _2rdacontent
_atexto
_btxt
337 _2rdamedia
_asin mediación
_bn
338 _2rdacarrier
_avolumen
_bnc
505 _a ES UN IMPORTANTE ENSAYO E INVESTIGACIÓN HISTÓRICA Y ARTÍSTICA ESCRITO POR EL RECONOCIDO INTELECTUAL MEXICANO GUILLERMO TOVAR Y DE TERESA. LA OBRA EXPLORA LA IDENTIDAD CULTURAL Y LA ARQUITECTURA DE LA CIUDAD DE SANTIAGO DE QUERÉTARO DURANTE SU ÉPOCA DE MAYOR ESPLENDOR VIRREINAL.
650 _2LITERATURA Y RETÓRICA
650 _2RETÓRICA Y COLECCIONES DE LITERATURA
942 _2ddc
_cCOLQ
999 _c68670
_d68670